Statistics for Film General Knowledge

Click here to take the quiz!

General Stats

  • This quiz has been taken 463 times
  • The average score is 13 of 20

Answer Stats

HintAnswer% Correct
Nickname for the Academy AwardOscar
90%
Hard-breathing "Star Wars" villainDarth Vader
88%
Major studio with a mouseDisney
88%
British spy who fought Dr. NoJames Bond
87%
Japanese animated filmsAnime
85%
Highest grossing film of all timeAvatar
79%
World's largest film industryIndia
74%
"Rebel without a Cause" who died young in 1955James Dean
71%
City Hollywood is a neighborhood ofLos Angeles
70%
Site of a Côte d'Azur film festivalCannes
65%
Bruce Lee's and Jackie Chan's martial artKung Fu
65%
Georges Méliès' sci-fi short: "Trip to the ..."Moon
63%
Star-paved sidewalk in HollywoodWalk of Fame
59%
Director of "Citizen Kane"Orson Welles
58%
What SFX stands forSpecial effects
58%
Year of the introduction of Sound1927
53%
#1 film at IMDbThe Shawshank Redemption
52%
Bogart's and Cagney's dark genreFilm Noir
51%
Professional term for a camerapersonCinematographer
35%
French movement of the 50s and 60s (Godard, i.a.)Nouvelle Vague
22%

Score Distribution

Percentile by Number Answered

Percent of People with Each Score

Your Score History

You have not taken this quiz